000 00657nam a22001937a 4500
005 20260120150059.0
010 _aENG-147556
020 _c350.00
_a9789348685421
035 _aEN-131088
037 _bDBAD
_aDPL
082 _a796.069
_21
245 _aPlayback-2/
_cEdited By Stanley Carvalho
250 _a1
260 _bATC Publishers
_aBengaluru
_c2025
270 _aSt's Mary Block, Archdiocesan,Pastoral Center,#5, Nandidurga Road,Benson Town
_bBengaluru
_e560046
_k+918025491999
_k7090100444
_minfo@atcpublishers.com
300 _a269p.
_c21cm(pb)
700 _aCarvalho, Stanley
_eEditor
_986649
942 _2ddc
_cEN
_h796.069
_mPLA
999 _c214321
_d214321